01708nam a22002657a 4500003000900000008004100009040007100050082002500121110002600146245008200172260003200254300002900286440005600315505082000371650003001191650002501221650002701246650002601273700002401299700002301323700002301346700002201369700002601391700002501417AR-CdUCM190425b ||||| |||| 00| 0 spa d aMUNICIPALIDAD PROVINCIAL DEL CUSCOcBIBLIOTECA MUNICIPAL DEL CUSCO aRev.Letras/N°1/1923 aUniversidad del Cuzco aLetras :bórgano de la Asociación Letras /cRosendo Callo Ortiz, director aCusco :bH.G. Rozas,c1923. a102 páginas. :c21 cm. aUniversidad del Cuzco.nAño 1, N°1, agosto 1923. a+Contenido: Los fines universitarios i nuestros propósitos. -- Algo sobre criminología indígena. César A. Muñiz. -- El mártir de la independencia. Julio Baca Arenas. -- Tampu. Luis E. Valcárcel. -- Ccori Champi. -- Lo que también dicen ellos. Manuel A. Quiroga. -- Las formas matrimoniales. José Gabriel Cosio. -- La instrucción militar i la pedagogía. Luis A. Llanos. -- ¡Maldita realidad!. Cesar A. Vílchez. -- Saudade. Miguel de San Román. -- Ofrenda. Alberto Delgado. -- Omar Khayyam i los modernistas. César A. Vílchez. -- La documentación histórica sobre la batalla de Zepita. Manuel A. Quiroga. -- En este camino. Juan Manuel Delgado. -- Lirios. Romería. Sergio L. Caller. -- El Kimsachata. -- Yachacmi nin. Juan José Delgado. -- La carta del suicida. Alejandro Arispe. aIntelectuales cusqueños aNarrativa cusqueña aEscritores cusqueños aLiteratura cusqueña aValcárcel, Luis E aMuñiz, César A aBaca Arenas, Julio aQuiroga, Manuel A aCosio, José Gabriel aVílchez, César A